| 000 | 01849nam a22002417a 4500 | ||
|---|---|---|---|
| 008 | 251013b |||||||| |||| 00| 0 eng d | ||
| 020 | _a9780008607838 | ||
| 040 | _ctbs | ||
| 041 | _aeng | ||
| 100 |
_aBlake, Matthew _925462 _eauthor |
||
| 245 |
_aAnna O _c/ Matthew Blake. |
||
| 260 |
_aLondon : _bHarperCollins Publishers Ltd, _c2025. |
||
| 300 |
_a423 pages ; _c23 cm. |
||
| 520 | _aThe world will know her name. The average person spends 33 years of their life asleep. But, in this mysterious shadow world, how can we ever know who we really become? In 2019, Anna Ogilvy was a budding twenty-five-year-old writer with a bright future ahead of her. Then, one night, she stabbed two people to death with no apparent motive and hasn't woken up since. Her deep sleep is known by neurologists as 'resignation syndrome', a rare functional psychosomatic disorder. The tabloid press dubs her 'Sleeping Beauty'. Fast forward to the present day. Dr Benedict Prince is a forensic psychologist and an expert in the field of sleep-related homicides. As a consultant at The Abbey, a sleep clinic based in London's infamous Harley Street, he has studied patients who are held on murder charges; but they have no memory of their crimes. As Anna shows the first signs of stirring, Benedict must determine what really happened that night and whether or not she should be held criminally responsible for her actions when she finally wakes up. Only she knows the truth about that night, but only he knows how to discover it. | ||
| 650 | 0 |
_aYoung women _vFiction _924099 |
|
| 650 | 0 |
_aSleep disorders _vFiction _926117 |
|
| 650 | 0 |
_aForensic psychologists _vFiction _926118 |
|
| 650 | 0 |
_aMurder _vFiction _925440 |
|
| 650 | 0 |
_aThrillers (Fiction) _912828 |
|
| 655 | 0 |
_aPsychological fiction _922456 |
|
| 655 | 0 |
_aDetective and mystery fiction _923664 |
|
| 942 | _2lcc | ||
| 999 |
_c5033 _d5033 |
||